=LDR 00000nam 2200000 4500 =001 INLIS000000000044562 =005 20131008110209 =008 ***********************************Ind** =035 ##$$0010-101300000002484 =041 ##$$a Ind =082 ##$$a 364.15 =090 ##$$a 364.15 , Pel a =100 ##$$a Pelzer, Richard B =245 ##$$a A Brother's Journey , bertahan dari siksaan , Richard B. Pelzer =260 ##$$a 2005 $b Jakarta =300 ##$$a 272 hlm. , 20 cm =850 ##$$a NBPNMAT